000
00289nam a2200109Ia 4500
008
200302s9999 xx 000 0 und d
100
_a
Adam Mornement & Annabel Biles
245
_a
Infill New Houses for Urban Sites
260
_b
Laurence King Publishing
260
_c
2009
300
_a
240 P.,
999
_c
5375
_d
5375